000
00260aas a2200085 4500
008
240130b |||||||| |||| 00| 0 eng d
245
_a
Our Laws
260
_b
The department of women and child development, Ministry of Human resource development,
_c
1992
942
_c
CR
999
_c
4697
_d
4697